Classifica Marcatori Valencia All-Time - Statistics

Statistiche generali
  • Questo quiz è stato fatto 4 volte
  • Il punteggio medio è 3 su 11
Statistiche sulle risposte
Gol Nazione Calciatore % Corretto
129 Spagna David Villa
100%
122 Spagna Fernando
50%
132 Argentina Mario Kempes
50%
82 Spagna Roberto Soldado
50%
86 Spagna Epi
25%
205 Spagna Mundo
25%
82 Spagna Amadeo
0%
84 Spagna Guillermo Gorostiza
0%
85 Bulgaria Lyuboslav Penev
0%
86 Spagna Silvestre Igoa
0%
87 Brasile Waldo Machado
0%
Nessun quiz corrispondente trovato
Distribuzione punteggi
Percentuale di utenti per punteggio
Percentile per numero di risposta
I tuoi punteggi nel tempo
Non hai fatto questo quiz